| 000 | 00674nam a2200241 i 4500 | ||
|---|---|---|---|
| 001 | 57535 | ||
| 003 | BD-RjUL | ||
| 005 | 20230920120225.0 | ||
| 008 | 161210s20192008ii ||||| |||| 001 0 eng d | ||
| 020 | _a9788131300633 | ||
| 035 | _a(BD-RjUL) 57659 | ||
| 040 |
_aBD-RjUL _beng _cBD-RjUL |
||
| 041 | _aeng | ||
| 082 |
_223 _a302.2 _bSIT 2019 |
||
| 100 | 1 |
_aSingh, J. K. _9170853 _eAuthor |
|
| 245 | 1 | 0 |
_aTextbook of mass communication / _cJ. K. Singh |
| 260 |
_aNew Delhi : _bAPH Pub. Corp., _c2008,2017, 2019 |
||
| 300 |
_ax, 274 p. ; _c23 cm |
||
| 500 | _aIncludes index. | ||
| 650 |
_aCommunication _9170326 |
||
| 650 |
_a Mass Media _9170854 |
||
| 942 |
_2ddc _cBK |
||
| 999 |
_c57535 _d57535 |
||